Malice / (Registro nro. 30694)
[ vista simple ]
| 000 -LÍDER | |
|---|---|
| campo de control de longitud fija | 01009nam a22002297a 4500 |
| 005 - FECHA Y HORA DE LA ÚLTIMA | |
| campo de control | 20240227203316.0 |
| 008 - ELEMENTOS DE DATOS DE LONGITUD FIJA - INFORMACIÓN GENERAL | |
| campo de control de longitud fija | 240227b |||||||| |||| 00| 0 eng d |
| 020 ## - NÚMERO INTERNACIONAL NORMALIZADO DEL LIBRO | |
| Número de libro estándar internacional | 071009007505 |
| 037 ## - FUENTE DE ADQUISICIÓN | |
| Materials specified | Donación |
| 040 ## - FUENTE DE CATALOGACIÓN | |
| Agencia de catalogación original | CO-JMCR |
| Agencia de transcripción | CO-JMCR |
| Agencia modificadora | CO-JMCR |
| Convenciones de descripción | rda |
| 041 ## - CÓDIGO DE IDIOMA | |
| Código de idioma del texto/pista de sonido o título independiente | eng |
| 082 ## - NÚMERO DE CLASIFICACIÓN DECIMAL DEWEY | |
| Número de clasificación | A-N |
| Número de artículo | STEm |
| 100 ## - ENTRADA PRINCIPAL - NOMBRE PERSONAL | |
| Término relativo | autor |
| Nombre personal | Steel, Danielle |
| 9 (RLIN) | 43510 |
| 245 ## - DECLARACIÓN DEL TÍTULO | |
| Título | Malice / |
| Declaración de responsabilidad, etc. | Danielle Steel |
| 260 ## - PUBLICACIÓN, DISTRIBUCIÓN, ETC. | |
| Lugar de publicación, distribución, etc. | New York |
| Nombre del editor, distribuidor, etc. | Dell Publishing |
| Fecha de publicación, distribución, etc. | 1996 |
| 300 ## - DESCRIPCIÓN FÍSICA | |
| Medida | 406 páginas |
| Dimensiones | 17 cm |
| 520 ## - RESUMEN, ETC. | |
| Resumen, etc | at seventeen, the night of her mother´s funeral, Grace Adams is attacked. It is not the first time, and a brutal crime ensues.<br/>And to everyone´s horror, Grace will not tell the truth. she is a yougn woman with secrets too horrible to tell, with hurts so deep they may never heal. She is also beautifull enough for men to want her no matter how much she does not want them. |
| 650 ## - ENTRADA AÑADIDA DE ASUNTO - TÉRMINO TEMÁTICO | |
| Fuente del encabezado o término | JMCR |
| -- | Literatura Estadounidense |
| 650 ## - ENTRADA AÑADIDA DE ASUNTO - TÉRMINO TEMÁTICO | |
| Fuente del encabezado o término | Novela Estadounidense |
| 650 ## - ENTRADA AÑADIDA DE ASUNTO - TÉRMINO TEMÁTICO | |
| Fuente del encabezado o término | Asesinato en la literatura |
| 9 (RLIN) | 10236 |
| 942 ## - ELEMENTOS DE ENTRADA AÑADIDOS (KOHA) | |
| Source of classification or shelving scheme | Dewey Decimal Classification |
| Tipo de artículo Koha | Books |
| 999 ## - | |
| -- | 30694 |
| -- | 17078 |
| Estado retirado |
|---|